| Tag |
First Indicator |
Second Indicator |
Subfields |
| LEADER |
00000cam a2200000 a 4500 |
| 001 |
in00000092249 |
| 005 |
20150923132022.0 |
| 007 |
hd |f| c||| |
| 008 |
821023r1967 miu ab 00010 eng d |
| 035 |
|
|
|a (OCoLC)08886452
|
| 035 |
|
|
|9 AAK7331AM
|
| 040 |
|
|
|a TXA
|c TXA
|d UtOrBLW
|
| 043 |
|
|
|a n-us---
|
| 049 |
|
|
|a TXAI
|
| 099 |
|
|
|a film
|a B
|a 519
|
| 100 |
1 |
|
|a De Lucia, Lawrence Alfred.
|
| 245 |
1 |
4 |
|a The secondary boycott and the federal law /
|c by Lawrence Alfred De Lucia.
|
| 264 |
|
1 |
|a [Place of publication not identified] :
|b [publisher not identified] ;
|c 1967.
|
| 300 |
|
|
|a xiv, 418 leaves.
|
| 336 |
|
|
|a text
|b txt
|2 rdacontent
|
| 337 |
|
|
|a microform
|b h
|2 rdamedia
|
| 338 |
|
|
|a microfilm reel
|b hd
|2 rdacarrier
|
| 502 |
|
|
|b Ph. D.
|c University of Arizona
|d 1967.
|
| 504 |
|
|
|a Bibliography: leaves 376-418.
|
| 533 |
|
|
|a Microfilm.
|b Ann Arbor, Mich. :
|c University Microfilms,
|d 1967.
|e 1 microfilm reel ; 35 mm.
|
| 500 |
|
|
|a Microform.
|
| 650 |
|
0 |
|a Strikes and lockouts
|z United States
|x History.
|
| 650 |
|
0 |
|a Picketing
|z United States
|x History.
|
| 650 |
|
0 |
|a Boycotts
|x Law and legislation
|z United States.
|
| 650 |
|
0 |
|a Boycotts
|z United States
|x History.
|
| 999 |
|
|
|a MARS
|
| 999 |
f |
f |
|s a35ec676-3a3c-317c-a226-9097de9a216a
|i f6c1ed26-0404-379d-8a87-90fb48c1e6df
|t 0
|
| 952 |
f |
f |
|p default
|a Texas A&M University
|b College Station
|c Sterling C. Evans Library
|d Evans: Microforms (3rd floor)
|t 0
|e film B 519
|h Other scheme
|i microform -- microfilm reel
|
| 998 |
f |
f |
|a film B 519
|t 0
|l Evans: Microforms (3rd floor)
|